| 000 | 00869nam a2200289Ia 4500 | ||
|---|---|---|---|
| 008 | 160803s9999 xx 000 0 und d | ||
| 020 | _a978-0974171197 | ||
| 100 | _aPhilbrick, Nathaniel | ||
| 245 | _aRevenge of the whale : | ||
| 245 | _bthe true story of the whaleship Essex / | ||
| 245 | _cNathaniel Philbrick. | ||
| 260 | _aNew York : | ||
| 260 | _bScholastic Inc. | ||
| 260 | _c2002 | ||
| 300 | _ax, 164 pages : | ||
| 300 | _billustrations, maps ; | ||
| 300 | _c23 cm | ||
| 500 | _a"Adapted for young people from 'In the heart of the sea' by Nathaniel Philbrick."--Title page verso. | ||
| 650 | _aEssex (Whaleship) | ||
| 650 | _aEssex (Whaleship) -- | ||
| 650 | _aShipwrecks -- Pacific Ocean -- | ||
| 650 | _aShipwrecks. | ||
| 650 | _aWhaling. | ||
| 650 | _xJuvenile literature. | ||
| 650 | _xJuvenile literature. | ||
| 700 | _a1170 | ||
| 999 |
_c298568 _d298568 |
||